[Event "XIX Sants Open 2017"]
[Site "Cotxeres de Sants"]
[Date "2017.08.20"]
[Round "3"]
[White "Casset Bello, Elena"]
[Black "Gonzalez Lafita, Oscar"]
[Result "1-0"]
[WhiteElo "1936"]
[BlackElo "1839"]
[Annotator "NA"]
[PlyCount "53"]
[EventDate "2017.??.??"]
[EventType "swiss"]
[EventCountry "ESP"]
[SourceTitle "playchess.com"]
[Source "ChessBase"]
[SourceQuality "1"]
[TimeControl "40/5400+30:1800+30"]

1. d4 d5 2. c4 e6 3. cxd5 exd5 4. Nc3 Nf6 5. Bg5 c6 6. e3 Be7 7. Qc2 Nh5 8. Bxe7 Qxe7 9. Nxd5 cxd5 10. Qxc8+ Qd8 11. Bb5+ Nc6 12. Bxc6+ bxc6 13. Qxc6+ Ke7 14. Qc5+ Ke6 15. Nf3 Rc8 16. Qxa7 Rc2 17. O-O Qc8 18. b4 Rc7 19. Qa3 Qb7 20. Rac1 Rhc8 21. Rxc7 Rxc7 22. Ne5 Qc8 23. Qa4 Rc2 24. Nd3 Ke7 25. Nc5 Rb2 26. Qa3 Re2 27. b5 1-0

[Event "XIX Sants Open 2017"]
[Site "Cotxeres de Sants"]
[Date "2017.08.20"]
[Round "3"]
[White "Olive Oller, Guim"]
[Black "Petit Montes, Marc"]
[Result "0-1"]
[WhiteElo "1848"]
[BlackElo "1948"]
[Annotator "NA RC"]
[PlyCount "120"]
[EventDate "2017.??.??"]
[EventType "swiss"]
[EventCountry "ESP"]
[SourceTitle "playchess.com"]
[Source "ChessBase"]
[SourceQuality "1"]
[TimeControl "40/5400+30:1800+30"]

1. d4 {[%emt 0:00:00]} d5 {[%emt 0:05:35]} 2. Nf3 {[%emt 0:00:00]} Nf6 {[%emt 0:00:04]} 3. c4 {[%emt 0:00:00]} c6 {[%emt 0:00:17]} 4. cxd5 {[%emt 0:00:20]} cxd5 {[%emt 0:00:26]} 5. Nc3 {[%emt 0:01:01]} Nc6 {[%emt 0:00:17]} 6. Bg5 {[%emt 0:01:52]} Ne4 {[%emt 0:00:54]} 7. Bh4 {[%emt 0:01:33]} Qa5 {[%emt 0:03:40] D13: Slav Defence: Exchange variation without ...Bf5} (7... Qb6 8. e3 Bf5 9. Nxd5 Qa5+ 10. Nc3 Nxc3 11. bxc3 Qxc3+ 12. Nd2 e6 13. Bb5 Bb4 14. a3 Ba5 15. Ra2 Bd3 16. Bxd3 Qxd3 17. Qc2 Bxd2+ 18. Qxd2 Qb1+ {0-1 (18) Guliev,S (2403)-Gadimbayli,A (2315) Baku 2017}) 8. Qb3 {[%emt 0:02:14]} e6 {[%emt 0:05:31]} 9. e3 {[%emt 0:00:16]} Nxc3 {[%emt 0:01:12]} 10. bxc3 {[%emt 0:00:20]} Bd6 {[%emt 0:00:15]} 11. Bd3 {[%emt 0:01:25]} b6 $146 {[%emt 0:03:39]} ({Predecessor:} 11... Qc7 12. O-O Na5 13. Qc2 Nc4 {0-1 (30) Mustafina,Y (1781)-Matsenko,A (1939) Anapa 2009}) 12. O-O {[%emt 0:07:11]} Ba6 {[%emt 0:02:31]} 13. c4 {[%emt 0:01:13]} dxc4 {[%emt 0:12:41]} 14. Bxc4 {[%emt 0:00:50]} Bxc4 {[%emt 0:00:13]} 15. Qxc4 {[%emt 0:00:07]} Rc8 {[%emt 0:00:17]} 16. Rfc1 {[%emt 0:05:28]} O-O {[%emt 0:02:56]} 17. a4 {[%emt 0:02:34]} Rc7 {[%emt 0:07:59]} 18. Qb5 {[%emt 0:02:17]} Rfc8 {[%emt 0:01:29]} 19. Bg3 {[%emt 0:03:46]} Bxg3 {[%emt 0:03:39]} 20. hxg3 {[%emt 0:04:04]} Qxb5 {[%emt 0:01:29]} 21. axb5 {[%emt 0:00:15]} Nxd4 {[%emt 0:00:20]} 22. Rxc7 {[%emt 0:01:02]} Nxf3+ {[%emt 0:00:10]} 23. gxf3 {[%emt 0:00:06]} Rxc7 {[%emt 0:00:07]} 24. Kf1 {[%emt 0:01:24]} Kf8 {[%emt 0:00:17]} 25. Ke2 {[%emt 0:00:10]} Ke7 {[%emt 0:00:46]} 26. Kd3 {[%emt 0:00:21]} Kd7 {[%emt 0:04:59]} 27. Ra4 {[%emt 0:04:04]} Kc8 {[%emt 0:06:05]} 28. Rh4 {[%emt 0:04:15]} h6 {[%emt 0:00:15]} 29. Rg4 {[%emt 0:03:57]} f6 {[%emt 0:05:28]} 30. Re4 {[%emt 0:02:29]} Rc5 {[%emt 0:02:33]} 31. Rg4 {[%emt 0:04:50]} Rg5 {[%emt 0:05:39]} 32. Rb4 {[%emt 0:00:52]} Kb7 {[%emt 0:01:03]} 33. f4 {[%emt 0:05:20]} Rc5 {[%emt 0:00:28]} 34. Rd4 {[%emt 0:05:59]} Rxb5 {[%emt 0:13:45]} 35. Rd7+ {[%emt 0:00:18]} Ka6 {[%emt 0:00:15]} ({Black should try} 35... Kc6 $15 36. Rxa7 Rd5+ 37. Kc4 Rd7) 36. Rxg7 {[%emt 0:00:21]} Rd5+ {[%emt 0:00:40]} 37. Kc3 {[%emt 0:03:30]} Rc5+ {[%emt 0:03:28]} 38. Kd3 {[%emt 0:07:03]} Rd5+ {[%emt 0:00:08]} 39. Kc3 {[%emt 0:00:38]} f5 {[%emt 0:03:49]} 40. Rh7 {[%emt 0:00:00]} b5 {[%emt 0:01:06]} 41. Rxh6 {[%emt 0:01:45]} Rd6 {[%emt 0:00:35]} 42. f3 {[%emt 0:02:45]} Kb6 {[%emt 0:00:30]} 43. g4 {[%emt 0:01:28]} Kc5 {[%emt 0:10:23]} 44. g5 {[%emt 0:04:52]} (44. Rh5 $1 $11 {keeps the balance.}) 44... b4+ {[%emt 0:01:09]} 45. Kb2 {[%emt 0:04:27]} Kc4 {[%emt 0:03:16]} 46. g6 $2 {[%emt 0:03:52]} (46. Rh2 $17) 46... Rd2+ {[%emt 0:01:08]} 47. Kc1 {[%emt 0:05:43]} Rg2 {[%emt 0:02:00]} 48. Rh7 {[%emt 0:03:31]} a5 {[%emt 0:08:07]} 49. e4 {[%emt 0:01:37]} Rxg6 {[%emt 0:01:35]} 50. exf5 {[%emt 0:01:36]} exf5 {[%emt 0:00:11]} (50... Rg1+ $142 51. Kc2 Rg2+ 52. Kc1 exf5 53. Rh5 Kc3 54. Rh1 Rf2 55. Kb1 a4 56. Ka1 b3 57. Kb1 Rxf3 58. Rg1 Rxf4 59. Rc1+ Kb4 60. Rc6 Rf1+ 61. Rc1 Rxc1+ 62. Kxc1 a3 63. Kd2 a2 64. Ke3 a1=Q 65. Kf3 b2 66. Kg3 b1=Q 67. Kf4 Qe4+ 68. Kg5 Qg7+ 69. Kh5 Qh1#) 51. Ra7 {[%emt 0:01:43]} Kb5 {[%emt 0:01:23]} (51... Rg1+ $142 52. Kb2 Rg2+ 53. Kc1 {[#]} a4 $1 {[%mdl 512]}) 52. Rf7 {[%emt 0:04:46]} Rc6+ {[%emt 0:00:19]} 53. Kb2 {[%emt 0:01:23]} Rc5 {[%emt 0:00:05]} 54. Rf8 {[%emt 0:02:37]} a4 {[%emt 0:01:11]} 55. Rf7 {[%emt 0:01:58]} Kc4 {[%emt 0:00:41]} (55... a3+ $142 56. Kb1 Ka4 57. Rd7 Rc3 58. Rh7 Rxf3 59. Ra7+ Kb3 60. Kc1 Rxf4 61. Kd2 a2 62. Ke3 Re4+ 63. Kd3 Kb2 64. Ra5 a1=Q 65. Rxa1 Kxa1 66. Kc2 Ka2 67. Kd2 b3 68. Kc3 b2 69. Kc2 b1=Q+ 70. Kd2 Qb2+ 71. Kd3 Qe2+ 72. Kc3 Rc4#) 56. Rd7 {[%emt 0:00:53]} Rd5 {[%emt 0:01:17]} 57. Ra7 {[%emt 0:03:28]} a3+ {[%emt 0:01:20]} 58. Kc1 {[%emt 0:00:13]} Kb3 {[%emt 0:00:51]} 59. Re7 {[%emt 0:01:07]} Rc5+ {[%emt 0:00:59]} 60. Kd1 {[%emt 0:00:17]} a2 {[%emt 0:00:16]} 0-1

[Event "XIX Sants Open 2017"]
[Site "Cotxeres de Sants"]
[Date "2017.08.20"]
[Round "3"]
[White "Barroso Quinones, Antonio"]
[Black "Marza Vendrell, Conrado"]
[Result "0-1"]
[WhiteElo "1846"]
[BlackElo "1943"]
[Annotator "NA RC"]
[PlyCount "118"]
[EventDate "2017.??.??"]
[EventType "swiss"]
[EventCountry "ESP"]
[SourceTitle "playchess.com"]
[Source "ChessBase"]
[SourceQuality "1"]
[TimeControl "40/5400+30:1800+30"]

1. d4 {[%emt 0:02:27]} Nf6 {[%emt 0:00:21]} 2. c4 {[%emt 0:00:04]} c5 {[%emt 0:00:05]} 3. d5 {[%emt 0:00:45]} e5 {[%emt 0:00:09]} 4. g3 {[%emt 0:00:42]} d6 {[%emt 0:00:12]} 5. Bg2 {[%emt 0:00:12]} Be7 {[%emt 0:00:13]} 6. e3 {[%emt 0:00:45]} Nbd7 {[%emt 0:00:40]} 7. Ne2 {[%emt 0:00:10]} Nf8 {[%emt 0:00:11]} 8. Nbc3 {[%emt 0:00:47]} Ng6 {[%emt 0:00:18]} 9. O-O {[%emt 0:01:17]} O-O {[%emt 0:00:08]} 10. a4 {[%emt 0:01:05]} Bd7 {[%emt 0:01:45]} 11. a5 {[%emt 0:00:30]} Qc8 {[%emt 0:00:36]} 12. Ne4 {[%emt 0:04:33]} Nxe4 {[%emt 0:02:19]} 13. Bxe4 {[%emt 0:00:05]} Bh3 {[%emt 0:02:30]} 14. Bg2 {[%emt 0:00:50]} Bxg2 {[%emt 0:00:52]} 15. Kxg2 {[%emt 0:00:05]} f5 {[%emt 0:00:14]} 16. Bd2 {[%emt 0:01:34]} Qd7 {[%emt 0:11:17]} 17. a6 {[%emt 0:07:18]} b6 {[%emt 0:02:49]} 18. Qa4 {[%emt 0:01:29]} Rfd8 {[%emt 0:03:36]} 19. f4 {[%emt 0:03:39]} exf4 {[%emt 0:04:13]} 20. exf4 {[%emt 0:01:19]} Bf6 {[%emt 0:02:20]} 21. Qxd7 {[%emt 0:00:56]} Rxd7 {[%emt 0:00:11]} 22. Bc3 {[%emt 0:01:45]} Re8 {[%emt 0:06:16]} 23. Kf2 {[%emt 0:09:45]} Re4 {[%emt 0:04:04]} 24. Bxf6 {[%emt 0:00:26]} gxf6 {[%emt 0:00:13]} 25. Rac1 {[%emt 0:09:56]} Ne7 {[%emt 0:21:06]} 26. Rfe1 {[%emt 0:02:16]} b5 {[%emt 0:05:14]} 27. b3 {[%emt 0:02:07]} b4 {[%emt 0:01:59]} 28. Ng1 {[%emt 0:02:32]} Nc8 {[%emt 0:07:21]} 29. Nf3 {[%emt 0:01:30]} Kf7 {[%emt 0:03:37]} 30. Nh4 {[%emt 0:00:29]} Ne7 {[%emt 0:01:29]} 31. Rxe4 {[%emt 0:02:40]} fxe4 {[%emt 0:00:02]} 32. f5 {[%emt 0:00:02]} Nc8 {[%emt 0:04:27]} 33. Re1 {[%emt 0:01:46]} Re7 {[%emt 0:00:09]} 34. Ke3 {[%emt 0:00:16]} Nb6 {[%emt 0:00:18]} 35. Kf4 {[%emt 0:01:08]} (35. Ng2 $18) 35... Nd7 {[%emt 0:00:06]} 36. Rxe4 {[%emt 0:00:48]} Rxe4+ {[%emt 0:00:22]} 37. Kxe4 {[%emt 0:00:06]} Nb8 {[%emt 0:00:06]} 38. Ng2 {[%emt 0:01:44]} Nxa6 {[%emt 0:00:12]} 39. Nf4 {[%emt 0:00:10]} Nb8 {[%emt 0:01:19]} 40. Ne6 {[%emt 0:00:00]} Nd7 {[%emt 0:01:08]} 41. Nd8+ {[%emt 0:03:18]} Ke8 {[%emt 0:02:32]} 42. Nb7 {[%emt 0:00:21]} Ke7 {[%emt 0:00:51]} 43. h4 {[%emt 0:05:17]} Ne5 {[%emt 0:01:22]} 44. Kf4 {[%emt 0:04:26]} Nxc4 {[%emt 0:03:50]} 45. g4 {[%emt 0:02:30]} ({But not} 45. bxc4 $2 b3) 45... Nb6 {[%emt 0:03:45]} (45... a5 $142 46. Ke4 Nd2+ 47. Kd3 Nxb3) 46. Ke4 {[%emt 0:00:47]} c4 {[%emt 0:00:44]} 47. bxc4 {[%emt 0:00:51]} Nxc4 {[%emt 0:00:17]} 48. Kd3 {[%emt 0:02:28]} b3 {[%emt 0:01:47]} 49. Kc3 {[%emt 0:00:13]} b2 {[%emt 0:00:11]} 50. Kc2 {[%emt 0:00:06]} a5 {[%emt 0:00:43]} 51. g5 {[%emt 0:01:14]} fxg5 {[%emt 0:00:23]} 52. hxg5 {[%emt 0:00:32]} a4 {[%emt 0:00:12]} 53. f6+ {[%emt 0:03:26]} Ke8 {[%emt 0:05:03]} 54. Nxd6+ {[%emt 0:02:50]} Nxd6 55. Kxb2 Ne4 {[%emt 0:01:16]} 56. Ka3 {[%emt 0:00:53]} Nxg5 {[%emt 0:01:51]} 57. Kxa4 {[%emt 0:00:26]} h5 {[%emt 0:00:11]} 58. Kb5 {[%emt 0:01:02]} h4 {[%emt 0:00:33]} 59. d6 {[%emt 0:00:47]} Kd7 {[%emt 0:00:30]} 0-1

[Event "XIX Sants Open 2017"]
[Site "Cotxeres de Sants"]
[Date "2017.08.20"]
[Round "3"]
[White "Serentill Tost, Eduard"]
[Black "Lopez Arjona, Emilio"]
[Result "0-1"]
[WhiteElo "1619"]
[BlackElo "1547"]
[Annotator "NA"]
[PlyCount "43"]
[EventDate "2017.??.??"]
[EventType "swiss"]
[EventCountry "ESP"]
[SourceTitle "playchess.com"]
[Source "ChessBase"]
[SourceQuality "1"]
[TimeControl "40/5400+30:1800+30"]

1. e4 c5 2. Nf3 d6 3. d4 cxd4 4. Nxd4 Nf6 5. Nc3 a6 6. Be2 e6 7. Be3 Be7 8. Qd2 Qc7 9. O-O-O e5 10. Nf3 O-O 11. h3 b5 12. Nd5 Nxd5 13. exd5 Bf5 14. g4 Be4 15. Rhg1 Nd7 16. Ng5 Bxg5 17. Bxg5 Rfc8 18. c3 Qa5 19. b4 Qa3+ 20. Qb2 Rxc3+ 21. Kd2 Rc1 22. Qb1 0-1

[Event "XIX Sants Open 2017"]
[Site "Cotxeres de Sants"]
[Date "2017.08.20"]
[Round "3"]
[White "Leiro Pelaez, Alex"]
[Black "Maza Navarro, Llorens"]
[Result "0-1"]
[WhiteElo "1618"]
[BlackElo "1542"]
[Annotator "NA"]
[PlyCount "90"]
[EventDate "2017.??.??"]
[EventType "swiss"]
[EventCountry "ESP"]
[SourceTitle "playchess.com"]
[Source "ChessBase"]
[SourceQuality "1"]
[TimeControl "40/5400+30:1800+30"]

1. e4 {[%emt 0:00:00]} c5 {[%emt 0:00:22]} 2. Nf3 {[%emt 0:00:00]} d6 {[%emt 0:00:37]} 3. d4 {[%emt 0:00:01]} cxd4 {[%emt 0:00:26]} 4. Nxd4 {[%emt 0:00:09]} Nf6 {[%emt 0:00:29]} 5. Nc3 {[%emt 0:00:17]} a6 {[%emt 0:00:38]} 6. f3 {[%emt 0:00:37]} e6 {[%emt 0:02:24]} 7. Be3 {[%emt 0:00:21]} Be7 {[%emt 0:00:35]} 8. Qd2 {[%emt 0:00:20]} Bd7 {[%emt 0:02:03]} 9. O-O-O {[%emt 0:00:52]} Nc6 {[%emt 0:05:17]} 10. g4 {[%emt 0:01:09]} O-O {[%emt 0:02:55]} 11. g5 {[%emt 0:01:12]} Ne8 {[%emt 0:00:26]} 12. h4 {[%emt 0:00:19]} b5 {[%emt 0:01:47]} 13. Nxc6 {[%emt 0:03:01]} Bxc6 {[%emt 0:00:21]} 14. h5 {[%emt 0:00:38]} f5 {[%emt 0:01:59]} 15. gxf6 {[%emt 0:01:36]} Bxf6 {[%emt 0:01:32]} 16. Bh3 {[%emt 0:03:53]} Bd7 {[%emt 0:02:55]} 17. Rhg1 {[%emt 0:05:14]} Qa5 {[%emt 0:01:21]} 18. Kb1 {[%emt 0:01:35]} Bxc3 {[%emt 0:01:01]} 19. Qxc3 {[%emt 0:00:52]} Qxc3 {[%emt 0:00:11]} 20. bxc3 {[%emt 0:00:06]} Rxf3 {[%emt 0:00:20]} 21. Bxe6+ {[%emt 0:08:01]} Bxe6 {[%emt 0:00:26]} 22. Bd4 {[%emt 0:00:48]} Rb8 {[%emt 0:03:21]} 23. a3 {[%emt 0:05:41]} a5 {[%emt 0:01:07]} 24. Bxg7 {[%emt 0:04:51]} Nxg7 {[%emt 0:00:30]} 25. h6 {[%emt 0:00:07]} Rf7 {[%emt 0:01:54]} 26. Rxd6 {[%emt 0:01:12]} Bc4 {[%emt 0:00:47]} 27. Kb2 {[%emt 0:03:18]} Kf8 {[%emt 0:00:19]} 28. hxg7+ {[%emt 0:01:57]} Rxg7 {[%emt 0:00:11]} 29. Re1 {[%emt 0:04:45]} Rg6 {[%emt 0:02:03]} 30. Rd7 {[%emt 0:02:06]} Re8 {[%emt 0:02:23]} 31. Rxh7 {[%emt 0:01:43]} Rge6 {[%emt 0:00:58]} 32. e5 {[%emt 0:02:18]} Rxe5 {[%emt 0:03:58]} 33. Rh8+ {[%emt 0:00:42]} Kf7 {[%emt 0:00:16]} 34. Rxe8 {[%emt 0:02:48]} Rxe8 {[%emt 0:00:11]} 35. Rd1 {[%emt 0:03:15]} Re2 {[%emt 0:02:47]} 36. a4 {[%emt 0:02:15]} bxa4 {[%emt 0:00:42]} 37. Rd4 {[%emt 0:01:33]} Bb3 {[%emt 0:00:42]} 38. Rd7+ {[%emt 0:02:12]} Ke6 {[%emt 0:00:11]} 39. Ra7 {[%emt 0:00:10]} Rxc2+ {[%emt 0:00:18]} 40. Kb1 {[%emt 0:00:00]} a3 {[%emt 0:03:09]} 41. Rxa5 {[%emt 0:00:44]} a2+ {[%emt 0:00:21]} 42. Ka1 {[%emt 0:00:54]} Rxc3 {[%emt 0:00:30]} 43. Kb2 {[%emt 0:00:20]} Rh3 {[%emt 0:01:09]} 44. Ka1 {[%emt 0:03:33]} Rh1+ {[%emt 0:00:33]} 45. Kb2 {[%emt 0:00:08]} Rb1+ {[%emt 0:00:15]} 0-1

[Event "XIX Sants Open 2017"]
[Site "Cotxeres de Sants"]
[Date "2017.08.20"]
[Round "3"]
[White "Lopez Oliva, Victor"]
[Black "Kulev, Atanas"]
[Result "1-0"]
[WhiteElo "1530"]
[BlackElo "1618"]
[Annotator "NA"]
[PlyCount "95"]
[EventDate "2017.??.??"]
[EventType "swiss"]
[EventCountry "ESP"]
[SourceTitle "playchess.com"]
[Source "ChessBase"]
[SourceQuality "1"]
[TimeControl "40/5400+30:1800+30"]

1. e4 {[%emt 0:00:00]} c5 {[%emt 0:05:20]} 2. Nf3 {[%emt 0:02:30]} e6 {[%emt 0:03:18]} 3. d4 {[%emt 0:06:09]} cxd4 {[%emt 0:00:08]} 4. c3 {[%emt 0:00:26]} dxc3 {[%emt 0:02:50]} 5. Nxc3 {[%emt 0:00:04]} Nc6 {[%emt 0:03:14]} 6. Bc4 {[%emt 0:02:04]} Bb4 {[%emt 0:03:15]} 7. Bd2 {[%emt 0:06:49]} a6 {[%emt 0:04:36]} 8. a3 {[%emt 0:01:28]} Bc5 {[%emt 0:00:40]} 9. O-O {[%emt 0:01:56]} d6 {[%emt 0:01:24]} 10. b4 {[%emt 0:05:18]} Bb6 {[%emt 0:01:33]} 11. Qe2 {[%emt 0:03:46]} Nd4 {[%emt 0:01:50]} 12. Nxd4 {[%emt 0:03:20]} Bxd4 {[%emt 0:01:21]} 13. Rfd1 {[%emt 0:01:35]} Nf6 {[%emt 0:04:30]} 14. Rac1 {[%emt 0:01:51]} b5 {[%emt 0:03:35]} 15. Bb3 {[%emt 0:06:06]} Bb7 {[%emt 0:05:39]} 16. Bg5 {[%emt 0:00:48]} Bxc3 {[%emt 0:07:17]} 17. Rxc3 {[%emt 0:01:09]} h6 {[%emt 0:25:55]} 18. Bxf6 {[%emt 0:01:36]} Qxf6 {[%emt 0:07:39]} 19. Rcd3 {[%emt 0:02:40]} O-O {[%emt 0:01:01]} 20. Rxd6 {[%emt 0:00:35]} Rfd8 {[%emt 0:00:49]} 21. e5 {[%emt 0:03:42]} Qg5 {[%emt 0:00:24]} 22. f4 {[%emt 0:00:36]} Qe7 {[%emt 0:01:07]} 23. Qd2 {[%emt 0:02:20]} Rxd6 {[%emt 0:01:01]} 24. Qxd6 {[%emt 0:11:31]} Qxd6 {[%emt 0:00:11]} 25. exd6 {[%emt 0:00:06]} Rd8 {[%emt 0:00:13]} 26. g3 {[%emt 0:00:50]} Kf8 {[%emt 0:00:12]} 27. Kf2 {[%emt 0:00:52]} Ke8 {[%emt 0:00:13]} 28. Ke3 {[%emt 0:05:25]} Kd7 {[%emt 0:00:16]} 29. f5 {[%emt 0:00:54]} Rc8 {[%emt 0:01:24]} 30. fxe6+ {[%emt 0:02:50]} fxe6 {[%emt 0:00:06]} 31. Rd3 {[%emt 0:00:28]} e5 {[%emt 0:07:04]} 32. Bd1 {[%emt 0:08:16]} Rc4 {[%emt 0:01:20]} 33. Bb3 {[%emt 0:04:47]} Rc8 {[%emt 0:01:16]} 34. Bd5 {[%emt 0:01:27]} Bxd5 {[%emt 0:01:39]} 35. Rxd5 {[%emt 0:00:04]} Ke6 {[%emt 0:00:41]} 36. d7 {[%emt 0:01:50]} Rd8 {[%emt 0:00:58]} 37. Ke4 {[%emt 0:00:32]} g6 {[%emt 0:02:06]} 38. Rxe5+ {[%emt 0:01:16]} Kxd7 {[%emt 0:00:21]} 39. Rd5+ {[%emt 0:00:05]} Ke7 {[%emt 0:00:36]} 40. Rxd8 {[%emt 0:00:00]} Kxd8 {[%emt 0:00:02]} 41. Kd5 {[%emt 0:00:18]} Kd7 {[%emt 0:00:11]} 42. g4 {[%emt 0:00:13]} g5 {[%emt 0:05:17]} 43. h3 {[%emt 0:00:08]} Kc7 {[%emt 0:01:40]} 44. Ke6 {[%emt 0:00:17]} Kc6 {[%emt 0:00:23]} 45. Ke5 {[%emt 0:00:19]} a5 {[%emt 0:02:33]} 46. Ke6 {[%emt 0:02:03]} axb4 {[%emt 0:01:23]} 47. axb4 {[%emt 0:00:03]} Kb6 {[%emt 0:00:17]} 48. Kd6 {[%emt 0:00:06]} 1-0

[Event "XIX Sants Open 2017"]
[Site "Cotxeres de Sants"]
[Date "2017.08.21"]
[Round "4"]
[White "Oparin, Grigoriy"]
[Black "Dhulipalla Bala Chandra Prasa"]
[Result "1-0"]
[WhiteElo "2609"]
[BlackElo "2392"]
[Annotator "TA"]
[PlyCount "103"]
[EventDate "2017.??.??"]
[EventType "swiss"]
[EventCountry "ESP"]
[SourceTitle "playchess.com"]
[Source "ChessBase"]
[SourceQuality "1"]

{[%evp 20,103,41,44,71,72,64,62,75,63,56,60,53,44,63,33,66,55,55,46,48,36,42,23,32,28,35,37,66,65,68,68,80,80,100,80,100,100,133,100,140,140,147,147,147,147,158,146,267,267,272,273,358,360,364,358,344,344,647,605,1172,953,946,930,902,899,841,791,2447,2515,2629,252,232,0,2229,1003,2197,2204,2077,2109,2087,2054,1741,1658,1489,1443]} 1. d4 Nf6 2. c4 g6 3. Nc3 d5 4. Nf3 Bg7 5. cxd5 Nxd5 6. e4 Nxc3 7. bxc3 c5 8. Be3 Qa5 9. Bd2 {D85: Exchange Grünfeld: Unusual White 7th moves and lines with 7 Nf3} O-O 10. Be2 Nd7 11. O-O {LiveBook: 5 Games. White is slightly better.} e5 12. d5 $146 ({Find the theoretical novelty and annotate with similar games:} 12. a4 Qc7 13. Rc1 b6 14. Qb3 Bb7 15. d5 Nf6 16. Qc2 Ne8 17. c4 Nd6 {0-1 (40) Korobov,A (2708)-Nepomniachtchi,I (2728) Sochi 2015}) 12... Nf6 {[%cal Bd7f6,Bf6e8,Be8d6][%mdl 32]} 13. c4 (13. Nxe5 Nxe4 14. f4 Nxc3 $15) 13... Qc7 14. Bd3 Ne8 15. h3 Nd6 16. Bc3 f5 17. Re1 (17. Nxe5 $2 fxe4 18. Bc2 Qe7 $19) (17. Bxe5 Bxe5 18. Nxe5 Qg7 $17) 17... Re8 18. Qc2 f4 19. Bf1 Bf6 20. Nh2 h5 21. g3 g5 22. Qe2 $36 {[%mdl 2048] White has some pressure.} Qh7 23. g4 h4 24. Nf3 Qc7 25. Qb2 Nf7 26. a4 {[%cal Ba2a4,Ba4a5][%mdl 32]} Bg7 27. a5 Bf8 28. Reb1 Bd6 29. Ra3 Kg7 30. Be2 {[%cal Bf1e2,Be2d1,Bd1a4,Ba4b5][%mdl 32]} Re7 31. Bd1 Qd8 32. Ne1 Bd7 33. Rb3 Ba4 (33... Be8 $16 {keeps fighting.} 34. Be2 (34. Rxb7 Rxb7 35. Qxb7 Rb8 $19) 34... Ba4) 34. Rxb7 $18 Rxb7 35. Qxb7 Rb8 36. Bxa4 Rxb7 37. Rxb7 Bc7 38. Nd3 (38. Rxa7 Qb8 $16) 38... Qc8 $2 {[#]} (38... Kg8 39. Bc6 (39. Nxc5 Bxa5 40. Ne6 Qc8 $16) 39... Bxa5) 39. a6 Kg8 40. Rxa7 Nd8 41. Bb5 Qb8 42. Rxc7 $1 Qxc7 43. Nxe5 Qg7 44. d6 Qa7 45. Ba5 $2 {[#]} (45. Nc6 Qa8 46. Nxd8 Qxe4 47. a7 Qb1+ 48. Kg2 f3+ 49. Kxf3 Qd3+ 50. Kg2 Qe4+ 51. Kh2) 45... Qg7 46. Bc3 $2 (46. Bxd8 Qxe5 47. Bxg5 Qxd6 48. Bxh4 (48. a7 Qd1+ 49. Kh2 Qa1 $16)) 46... Qa7 $1 47. d7 (47. Nc6 $142 Qa8 48. Nxd8 Qxd8 49. a7) 47... Ne6 48. Ba5 Kg7 49. Nf3 Kg6 50. d8=Q Nxd8 51. Bxd8 Qa8 52. Bxg5 {Precision: White = 60%, Black = 33%.} 1-0

[Event "XIX Sants Open 2017"]
[Site "Cotxeres de Sants"]
[Date "2017.08.21"]
[Round "4"]
[White "Agdestein, Simen"]
[Black "Oblitas, Carlomagno"]
[Result "1-0"]
[WhiteElo "2604"]
[BlackElo "2397"]
[Annotator "TA"]
[PlyCount "121"]
[EventDate "2017.??.??"]
[EventType "swiss"]
[EventCountry "ESP"]
[SourceTitle "playchess.com"]
[Source "ChessBase"]
[SourceQuality "1"]

{[%evp 17,121,6,10,-29,-13,-39,32,33,45,29,27,34,56,56,45,27,28,26,27,25,38,15,15,0,16,8,8,14,24,0,1,29,27,27,42,27,0,0,36,34,35,38,50,43,82,50,59,56,57,50,47,39,45,66,87,41,76,16,39,21,43,40,38,25,70,34,57,21,36,-18,32,25,35,7,74,79,106,102,95,58,52,17,46,8,37,46,52,15,183,198,284,283,561,560,29982,29983,29984,29980,29980,0,29980,29981,29988,29989,29989,29990]} 1. c4 c5 2. Nf3 Nc6 3. d4 cxd4 4. Nxd4 g6 5. e4 Nf6 {[%cal Bg8f6,Bf6d7,Bd7c5,Bc5e6,Be6d4][%mdl 32]} 6. Nc3 d6 7. Nc2 Bg7 8. Be2 O-O 9. O-O Nd7 {LiveBook: 366 Games} 10. Bg5 {B37: Sicilian: Maroczy Bind with 5...Bg7, sidelines} (10. Bd2 a5 11. Qc1 Nc5 12. Bh6 Bxh6 13. Qxh6 f5 14. exf5 Bxf5 15. Qd2 Bxc2 16. Qxc2 Nd4 17. Qd2 e5 18. f4 Nxe2+ 19. Nxe2 exf4 20. Nxf4 {½-½ (28) Pashikian,A (2607)-Petrosian,T (2592) Yerevan 2017}) 10... Nc5 11. f3 a5 (11... f5 $15) 12. Qd2 {White is slightly better.} a4 13. Kh1 $146 ({Predecessor:} 13. Rab1 Qa5 14. Kh1 a3 15. b4 Bxc3 16. Qe3 Nxb4 17. Qxc3 Na4 18. Qxb4 Qxg5 {0-1 (42) Cvetkovic,S (2440)-Sahovic,D (2360) Porec 1974}) 13... Qa5 14. Na3 Ne6 15. Be3 Ned4 16. Bd1 f5 17. exf5 Nxf5 18. Bf2 Be6 19. Qe1 Bf7 20. Rb1 Qb4 21. Be2 Nfd4 22. Bd3 Ne5 23. Bxd4 Nxd3 24. Qe4 Bxd4 25. Qxd4 Ne5 26. Nd5 $36 {[%mdl 2048] White is pushing.} Bxd5 27. Qxd5+ Kg7 28. f4 {[#] Black must now prevent Qd4.} Nc6 29. Nb5 Rf5 30. Qd3 Rc8 31. b3 axb3 32. axb3 {[%cal Ba2b3,Bb3b4][%mdl 32]} Qc5 33. b4 Qb6 34. g3 Kg8 35. Rfe1 Rcf8 36. Qd2 R8f7 37. h4 (37. Nc3 $16) 37... Qd8 38. Ra1 Rf8 39. Kh2 Qc8 40. Re2 Qd7 41. Rd1 Qc8 42. Qe1 R5f7 43. Rd5 (43. Re4 $14) 43... Qg4 (43... Ne5 $5 {[%cal Re5f3]} 44. Qc3 (44. fxe5 $2 Rf1 $19) 44... Qxc4 45. Qxc4 Nxc4 $15) 44. Rg5 Qd7 45. Qd2 Rf5 (45... e5 $11 {remains equal.}) 46. c5 $16 {[%cal Rc5d6]} Rxg5 47. hxg5 {[%cal Rc5d6]} ({Much weaker is} 47. fxg5 d5 $14) 47... Qf5 48. Nc7 dxc5 49. bxc5 {aiming for Ne6.} e5 $1 50. fxe5 {Hoping for Nd5.} Nxe5 {( -> ...Ng4+)} (50... h6 $5) 51. Qd5+ Nf7 52. Qa2 Qxg5 $2 (52... Rd8 $1 $11 {and Black stays safe.}) 53. Ne6 $18 Qh5+ {[#]} (53... Qh6+ $142 54. Kg2 Rb8) 54. Kg2 $1 Rc8 $2 (54... Re8 55. Rf2 g5) 55. Qb2 {[%csl Ge6][%cal Rb2g7]} Qh6 56. Qxb7 Re8 57. Qd7 Ra8 58. Qb7 Re8 {intending ...Ng5.} 59. Rf2 {White mates.} Ne5 60. Qd5 ({Not} 60. Qc7 g5 $16) 60... Qe3 61. Nc7+ {Precision: White = 45%, Black = 41%.} 1-0